LEADER 01455nam a2200349 a 4500 001 000000137324 003 CaOOAMICUS 005 20230623163935.0 008 140213s2013 dcu u000 u eng r 020 $z9780890425558* 032 $aLibriCat 040 $aPUL$bita 082 04$a616.8 245 00$aDSM-5 :$bdiagnostic and statistical manual of mental disorders /$cAmerican psychiatric association. 246 33$aDSM-5 250 $a5th ed. 260 $aWashington, D.C. :$bAmerican Psychiatric Publishing,$c2013. 300 $axliv, 947 p. ;$c25 cm 650 4$aPsicopatie.$0(OLS)http://pul/subject/20372 650 4$aPsichiatria.$0(OLS)http://pul/subject/17816 710 2 $aAmerican psychiatric association.$0(OLS)http://pul/name/35060 850 $aPUL 852 $aPUL$W1$xSL Diritto e Scienze Sociali 3$y79$m347 APA 1.5.1$j158333$qDDC 21$B157832$CPULBib$Z2$F157832 $H123390 $81 941 1 $a9 960 $aPsiche$917816 961 $aPrecedente collocazione: 616. 8 APA 2 996 $6020$z9780890425558*$9(OLS)http://pul/number/154465 996 $6082$a616.8$9(OLS)http://pul/classification/423 996 $6245$aDSM-5 :$bdiagnostic and statistical manual of mental disorders$9(OLS)http://pul/title/173849 996 $6246$aDSM-5$9(OLS)http://pul/title/173851 996 $6260$aWashington, D.C. :$bAmerican Psychiatric Publishing$9(OLS)http://pul/publisher/82618 LEADER 01363nam a2200289 a 4500 001 000000137857 003 CaOOAMICUS 005 20140325122708.0 008 140325s1961 it abc u000 u ita r 040 $aPUL$bita 041 1 $aita$heng 100 1 $aRussell, Bertrand,$d1872-1970.$0(OLS)http://pul/name/15334 240 10$aWisdom of the west.$lItaliano.$0(OLS)http://pul/title/174568 245 13$aLa saggezza dell'Occidente :$bpanorama storico della filosofia occidentale nei suoi sviluppi sociali e politici /$cdi Bertrand Russell ; redattore: Paul Foulkes. 260 $aMilano :$bLonganesi & c.,$cİ1961. 300 $a320 p. :$bill., c. geogr., ritr. ;$c29 cm 490 1 $aIl labirinto ;$v20 504 $aInclude riferimenti bibliografici ed indice. 650 4$aFilosofia occidentale$xStoria.$0(OLS)http://pul/subject/39421 700 1 $aFoulkes, Paul.$0(OLS)http://pul/name/88943 830 3$aIl labirinto (Longanesi) ;$v20.$0(OLS)http://pul/title/20375 850 $aPUL 852 $aPUL$W1$xDP1 Fondo E. Rossi$y115$m7 B 6$j158926$qFondi$B158450$CPULBib$Z2$F158450 $82 941 1 $a1 996 $6245$aLa saggezza dell'Occidente :$bpanorama storico della filosofia occidentale nei suoi sviluppi sociali e politici$9(OLS)http://pul/title/174569 996 $6260$aMilano :$bLonganesi & c.$9(OLS)http://pul/publisher/76770